000 00482nam a22001937a 4500
003 CEME
005 20210628202805.0
008 210125b xxu||||| |||| 00| 0 eng d
020 _a0-07-460497-X
040 _c.
082 _a620.1064 RAJ
100 _aRaju, K .G. Ranga
_944006
245 _aFlow through open channels
250 _a2ND
260 _aNEW DELHI
_bMCGRAW HILL
_c2005
300 _aXII,427 P
650 _aFLOW THROUGH OPEN CHANNELS
_961645
942 _cBK
_2ddc
999 _c571030
_d571030